MARC

LEADER 00000nam0a2200000 4500
001 356227
005 20231102010856.0
035 |a (RuTPU)RU\TPU\retro\13487 
090 |a 356227 
100 |a 20200716d1966 k y0rusy50 ca 
101 0 |a rus 
102 |a RU 
105 |a a z 000zy 
200 1 |a О статистическом распределении плотности рудосодержащих горных пород  |e [оттиск статьи]  |f И. П. Шарапов 
210 |a Москва  |d 1966 
215 |a С. 85-88  |c ил. 
225 1 |a Известия Академии наук СССР. Физика Земли  |v № 5 
316 |5 63413507: ШкА2/535  |a На с. 85 дарственная надпись: "Библиотеке Томского Политехнического института от автора. 15.IX.66" 
320 |a Библиогр.: с. 88 
606 1 |a Горные породы  |2 stltpush  |3 (RuTPU)RU\TPU\subj\7929  |9 35440 
610 1 |a коллекция ТПУ 
610 1 |a оттиски 
610 1 |a дарственные надписи 
610 1 |a дары автора 
610 1 |a дары библиотеке 
610 1 |a случайные переменные 
610 1 |a вероятностные законы 
610 1 |a генезис 
610 1 |a минералогический состав 
610 1 |a структура 
610 1 |a логнормальные распределения 
610 1 |a расчеты 
675 |a 552  |v 4 
700 1 |a Шарапов  |b И. П. 
801 1 |a RU  |b 63413507  |c 20200716 
942 |c BK